Man's Earth-lease is about to expire / (Record no. 4904)

MARC details
000 -LEADER
fixed length control field 00755cam a2200253 i 4500
001 - CONTROL NUMBER
control field 3667325
003 - CONTROL NUMBER IDENTIFIER
control field GBCCL
005 - DATE AND TIME OF LATEST TRANSACTION
control field 20241126110529.0
008 - FIXED-LENGTH DATA ELEMENTS--GENERAL INFORMATION
fixed length control field 770714s1977 ncu 000 0 eng
010 ## -
-- 77070210
020 ## - INTERNATIONAL STANDARD BOOK NUMBER
Terms of availability $1.75
040 ## - CATALOGING SOURCE
Original cataloging agency DLC
Transcribing agency DLC
Modifying agency DLC
050 00 -
-- BS647.2
-- .C72 1977c
082 00 - DEWEY DECIMAL CLASSIFICATION NUMBER
Classification number 236
Item number CRI
100 1# - MAIN ENTRY--PERSONAL NAME
Personal name Cribb, C. C.
9 (RLIN) 3960
240 10 -
-- From now till eternity.
-- Selections
245 10 - TITLE STATEMENT
Title Man's Earth-lease is about to expire /
Statement of responsibility, etc. C. C. Cribb.
260 ## - PUBLICATION, DISTRIBUTION, ETC.
Place of publication, distribution, etc. Raleigh, N.C. :
Name of publisher, distributor, etc. Manhattan, ltd.,
Date of publication, distribution, etc. c1977.
300 ## - PHYSICAL DESCRIPTION
Extent 127 p. ;
Dimensions 18 cm.
500 ## - GENERAL NOTE
General note Selections from the author's From now till eternity.
630 00 - SUBJECT ADDED ENTRY--UNIFORM TITLE
Uniform title Bible
General subdivision Prophecies.
9 (RLIN) 457
906 ## - LOCAL DATA ELEMENT F, LDF (RLIN)
a 7
b cbc
c orignew
d 2
e opcn
f 19
g y-gencatlg
942 ## - ADDED ENTRY ELEMENTS (KOHA)
Source of classification or shelving scheme Dewey Decimal Classification
Koha item type Books
Koha issues (borrowed), all copies 1
Holdings
Withdrawn status Lost status Source of classification or shelving scheme Damaged status Not for loan Home library Current Library Shelving location Date acquired Total checkouts Full call number Barcode Date last seen Date last checked out Copy number Price effective from Koha item type
    Dewey Decimal Classification     GRACE BIBLE COLLEGE GRACE BIBLE COLLEGE Theology 2018-02-15 1 236 CRI 004856 2025-05-01 2018-04-09 c.1 2018-02-15 Books
© Grace Bible College Library 2025